[Event "CMA Futurity qualifier playoff"]
[Site "Toronto CAN"]
[Date "2002.07.29"]
[Round "2"]
[White "Findlay, Ian"]
[Black "Ochkoos, Jura"]
[Result "1-0"]
[WhiteElo "2500"]
[BlackElo "2500"]
[PlyCount "57"]
[EventDate "2002.07.29"]
[EventType "match"]
[EventRounds "2"]
[EventCountry "CAN"]

1. e4 e5 2. Nf3 d6 3. d4 exd4 4. Nxd4 Nf6 5. Nc3 Be7 6. Bc4 O-O 7. O-O c6 8. a4
a5 9. Re1 Na6 10. Bf4 Nb4 11. Bb3 Re8 12. Qf3 Qb6 13. Be3 Qc7 14. h3 Na6 15.
Nf5 Bxf5 16. Qxf5 Qc8 17. Qf3 Nc7 18. Rad1 Ne6 19. Ne2 Bf8 20. Ng3 d5 21. exd5
cxd5 22. c3 Qc6 23. Nf5 b5 24. Nh6+ gxh6 25. Qxf6 Bg7 26. Qf5 d4 27. cxd4 bxa4
28. Bd5 Qb5 29. Bxe6 1-0

[Event "CMA Futurity-2"]
[Site "Toronto CAN"]
[Date "2002.08.12"]
[Round "1"]
[White "Wang, Hao Yuan"]
[Black "Arencibia, Walter"]
[Result "1/2-1/2"]
[WhiteElo "2222"]
[BlackElo "2534"]
[PlyCount "71"]
[EventDate "2002.08.12"]
[EventType "tourn"]
[EventRounds "9"]
[EventCountry "CAN"]
[EventCategory "6"]
[Source "Mark Crowther"]
[SourceDate "2002.08.19"]

1. e4 e6 2. d4 d5 3. Nd2 c5 4. exd5 Qxd5 5. Ngf3 cxd4 6. Bc4 Qd6 7. O-O Nf6 8.
Nb3 Nc6 9. Nbxd4 Nxd4 10. Nxd4 a6 11. Re1 Bd7 12. c3 Qc7 13. Bd3 O-O-O 14. Qf3
e5 15. Nc2 Bc5 16. Bf5 Bxf5 17. Qxf5+ Qd7 18. Qxd7+ Rxd7 19. Be3 Bd6 20. h3 Bc7
21. Bg5 Ng8 22. Rad1 f6 23. Be3 Ne7 24. Rxd7 Kxd7 25. Bc5 Ng6 26. Rd1+ Kc6 27.
Be3 a5 28. Kf1 Nh4 29. g3 Nf5 30. Ke2 b5 31. b3 Nd6 32. Na3 f5 33. f3 h6 34. c4
bxc4 35. Rc1 Kb7 36. Nxc4 1/2-1/2

[Event "CMA Futurity-2"]
[Site "Toronto CAN"]
[Date "2002.08.12"]
[Round "1"]
[White "Zugic, Igor"]
[Black "Findlay, Ian"]
[Result "1-0"]
[WhiteElo "2450"]
[BlackElo "2328"]
[PlyCount "111"]
[EventDate "2002.08.12"]
[EventType "tourn"]
[EventRounds "9"]
[EventCountry "CAN"]
[EventCategory "6"]
[Source "Mark Crowther"]
[SourceDate "2002.08.19"]

1. d4 Nf6 2. c4 c5 3. d5 e6 4. Nc3 exd5 5. cxd5 d6 6. Nf3 g6 7. Bg5 Bg7 8. e3
h6 9. Bh4 a6 10. a4 g5 11. Bg3 Nh5 12. Nd2 Nxg3 13. hxg3 Nd7 14. Nc4 Ne5 15.
Nxe5 Bxe5 16. Bd3 Bd7 17. Qc2 Qb6 18. a5 Qb4 19. f4 c4 20. Be2 Bg7 21. Kf2 f5
22. Bh5+ Kd8 23. Bg6 Kc7 24. Rac1 gxf4 25. gxf4 Rhf8 26. Ra1 Rac8 27. Bh5 Kb8
28. Ra3 Qc5 29. Rd1 Bf6 30. g3 Rg8 31. Ne2 Rg7 32. Bf3 Re7 33. Qd2 Rce8 34. Nd4
h5 35. b4 cxb3 36. Rxb3 h4 37. Nc6+ Bxc6 38. dxc6 hxg3+ 39. Kg2 Rxe3 40. Qxd6+
Qxd6 41. Rxb7+ Kc8 42. Rxd6 Bh4 43. Rh6 Bd8 44. Ra7 Bc7 45. Ra8+ Bb8 46. c7
Kxc7 47. Rc6+ Kd7 48. Rb6 Rxf3 49. Kxf3 g2 50. Rg6 Bc7 51. Raxa6 Re4 52. Kxg2
Rxf4 53. Rg7+ Kc8 54. Rc6 Rg4+ 55. Rxg4 fxg4 56. a6 1-0

[Event "CMA Futurity-2"]
[Site "Toronto CAN"]
[Date "2002.08.13"]
[Round "2"]
[White "Findlay, Ian"]
[Black "Lawson, Eric"]
[Result "1-0"]
[WhiteElo "2328"]
[BlackElo "2253"]
[PlyCount "69"]
[EventDate "2002.08.12"]
[EventType "tourn"]
[EventRounds "9"]
[EventCountry "CAN"]
[EventCategory "6"]
[Source "Mark Crowther"]
[SourceDate "2002.08.19"]

1. e4 c5 2. Nf3 Nc6 3. d4 cxd4 4. Nxd4 Nf6 5. Nc3 e5 6. Ndb5 d6 7. Bg5 a6 8.
Na3 b5 9. Nd5 Be7 10. Bxf6 Bxf6 11. c3 Ne7 12. Nxf6+ gxf6 13. Bd3 Bb7 14. Qe2
Qb6 15. O-O-O O-O-O 16. Rhf1 d5 17. exd5 Nxd5 18. g3 Kb8 19. Be4 Ne3 20. Qxe3
Rxd1+ 21. Kxd1 Rd8+ 22. Kc1 Qxe3+ 23. fxe3 Bxe4 24. Rxf6 Bd5 25. Rxa6 Kb7 26.
Ra5 Bc6 27. c4 bxc4 28. Rxe5 Ba4 29. b3 cxb3 30. axb3 Rd3 31. bxa4 Rxa3 32.
Re7+ Kc6 33. Rxf7 Rxe3 34. Rxh7 Re2 35. Rh5 1-0

[Event "CMA Futurity-2"]
[Site "Toronto CAN"]
[Date "2002.08.13"]
[Round "2"]
[White "Tyomkin, Dimitri"]
[Black "Bluvshtein, Mark"]
[Result "1/2-1/2"]
[WhiteElo "2482"]
[BlackElo "2367"]
[PlyCount "21"]
[EventDate "2002.08.12"]
[EventType "tourn"]
[EventRounds "9"]
[EventCountry "CAN"]
[EventCategory "6"]
[Source "Mark Crowther"]
[SourceDate "2002.08.19"]

1. d4 e6 2. c4 Nf6 3. Nf3 b6 4. Nc3 Bb4 5. Bg5 h6 6. Bh4 O-O 7. Nd2 d5 8. a3
Be7 9. e3 Bb7 10. Be2 c5 11. O-O 1/2-1/2

[Event "CMA Futurity-2"]
[Site "Toronto CAN"]
[Date "2002.08.14"]
[Round "3"]
[White "Wang, Hao Yuan"]
[Black "Findlay, Ian"]
[Result "0-1"]
[WhiteElo "2222"]
[BlackElo "2328"]
[PlyCount "76"]
[EventDate "2002.08.12"]
[EventType "tourn"]
[EventRounds "9"]
[EventCountry "CAN"]
[EventCategory "6"]
[Source "Mark Crowther"]
[SourceDate "2002.08.19"]

1. e4 c5 2. Nf3 d6 3. d4 cxd4 4. Nxd4 Nf6 5. Nc3 g6 6. Be3 Bg7 7. f3 Nc6 8. Qd2
O-O 9. O-O-O d5 10. exd5 Nxd5 11. Nxc6 bxc6 12. Bd4 e5 13. Bc5 Be6 14. Ne4 Rb8
15. Bc4 Re8 16. g4 h6 17. h4 a5 18. a4 Nf4 19. Qc3 Bd5 20. g5 h5 21. b3 Qd7 22.
Be3 Qe6 23. Bxf4 exf4 24. Bxd5 cxd5 25. Nf6+ Bxf6 26. Qxf6 Qe3+ 27. Kb2 Rec8
28. Rh2 Qxf3 29. Rd3 Qe4 30. Rd4 Qe3 31. Qxf4 Qc3+ 32. Ka2 Rb7 33. Rxd5 Rb4 34.
Qf1 Rcb8 35. Rb5 R8xb5 36. axb5 a4 37. Qd1 Rxb5 38. Qd8+ Kh7 0-1

[Event "CMA Futurity-2"]
[Site "Toronto CAN"]
[Date "2002.08.15"]
[Round "4"]
[White "Bluvshtein, Mark"]
[Black "Zugic, Igor"]
[Result "1/2-1/2"]
[WhiteElo "2367"]
[BlackElo "2450"]
[PlyCount "52"]
[EventDate "2002.08.12"]
[EventType "tourn"]
[EventRounds "9"]
[EventCountry "CAN"]
[EventCategory "6"]
[Source "Mark Crowther"]
[SourceDate "2002.08.19"]

1. d4 d5 2. c4 c6 3. cxd5 cxd5 4. Nf3 Nf6 5. Nc3 Nc6 6. Bf4 a6 7. Ne5 e6 8.
Nxc6 bxc6 9. e3 c5 10. dxc5 Bxc5 11. Be2 O-O 12. O-O Bd6 13. Qd4 Rb8 14. Bxd6
Qxd6 15. Rfd1 Bd7 16. a3 a5 17. Rab1 e5 18. Qh4 Qe6 19. Bf3 e4 20. Be2 Rb3 21.
Nxd5 Nxd5 22. Bc4 Rb5 23. Bxb5 Bxb5 24. Rd4 f5 25. Rc1 a4 26. Qh5 Nf6 1/2-1/2

[Event "CMA Futurity-2"]
[Site "Toronto CAN"]
[Date "2002.08.15"]
[Round "4"]
[White "Findlay, Ian"]
[Black "Arencibia, Walter"]
[Result "0-1"]
[WhiteElo "2328"]
[BlackElo "2534"]
[PlyCount "66"]
[EventDate "2002.08.12"]
[EventType "tourn"]
[EventRounds "9"]
[EventCountry "CAN"]
[EventCategory "6"]
[Source "Mark Crowther"]
[SourceDate "2002.08.19"]

1. e4 c5 2. Nf3 d6 3. d4 cxd4 4. Nxd4 Nf6 5. Nc3 a6 6. Be2 e5 7. Nb3 Be7 8. O-O
O-O 9. Re1 Be6 10. Bf1 Nbd7 11. Nd5 Nxd5 12. exd5 Bf5 13. a4 Rc8 14. c3 a5 15.
Be3 Bg6 16. f3 f5 17. Qd2 Bh4 18. g3 f4 19. Bf2 Bg5 20. g4 e4 21. fxe4 Ne5 22.
Nd4 f3 23. Qc2 Nxg4 24. Bh3 Nxf2 25. Kxf2 Bh4+ 26. Kf1 Qg5 27. Qc1 f2 28. Re3
Qg1+ 29. Ke2 f1=Q+ 30. Qxf1 Rxf1 31. Rxf1 Qxh2+ 32. Kd3 Re8 33. Be6+ Kh8 0-1

[Event "CMA Futurity-2"]
[Site "Toronto CAN"]
[Date "2002.08.15"]
[Round "4"]
[White "Tyomkin, Dimitri"]
[Black "Lawson, Eric"]
[Result "1-0"]
[WhiteElo "2482"]
[BlackElo "2253"]
[PlyCount "81"]
[EventDate "2002.08.12"]
[EventType "tourn"]
[EventRounds "9"]
[EventCountry "CAN"]
[EventCategory "6"]
[Source "Mark Crowther"]
[SourceDate "2002.08.19"]

1. d4 Nf6 2. c4 e6 3. Nc3 Bb4 4. f3 Nc6 5. a3 Bxc3+ 6. bxc3 b6 7. e4 d6 8. Bd3
O-O 9. Bg5 e5 10. Ne2 Ba6 11. Ng3 h6 12. Be3 Na5 13. Qe2 Qd7 14. a4 c5 15. d5
Rae8 16. h4 Kh7 17. h5 Ng8 18. Kd1 Ne7 19. Kc2 Bc8 20. Nf1 Kh8 21. g4 f6 22.
Nd2 Ng8 23. Rhg1 Rf7 24. Qh2 Qe7 25. f4 Qf8 26. Nf3 f5 27. Nh4 Rf6 28. gxf5
Bxf5 29. exf5 e4 30. Be2 Qf7 31. Rg6 Ne7 32. Rxf6 Qxf6 33. Rg1 Nxf5 34. Nxf5
Qxf5 35. Qg3 Qd7 36. Kb2 Re7 37. Ka3 a6 38. f5 b5 39. cxb5 Qxf5 40. Qxd6 Rd7
41. Qe6 1-0

[Event "CMA Futurity-2"]
[Site "Toronto CAN"]
[Date "2002.08.16"]
[Round "5"]
[White "Lawson, Eric"]
[Black "Bluvshtein, Mark"]
[Result "0-1"]
[WhiteElo "2253"]
[BlackElo "2367"]
[PlyCount "56"]
[EventDate "2002.08.12"]
[EventType "tourn"]
[EventRounds "9"]
[EventCountry "CAN"]
[EventCategory "6"]
[Source "Mark Crowther"]
[SourceDate "2002.08.19"]

1. b3 e5 2. Bb2 Nc6 3. e3 a6 4. Nf3 e4 5. Nd4 Nxd4 6. Bxd4 c5 7. Bb2 d5 8. c4
dxc4 9. bxc4 Nf6 10. Qc2 Bf5 11. f4 Be7 12. Be2 Qd7 13. Nc3 O-O-O 14. Rb1 Rhg8
15. Na4 Qc6 16. Be5 Nd7 17. Bc3 g5 18. g4 gxf4 19. gxf5 f3 20. Bf1 Bh4+ 21. Kd1
f2 22. Ke2 Rg1 23. Bh3 Rdg8 24. f6 Rxh1 25. Bf1 Rgg1 26. Qb3 Rxf1 27. Rxf1 Rxf1
28. Kxf1 Qe6 0-1

[Event "CMA Futurity-2"]
[Site "Toronto CAN"]
[Date "2002.08.16"]
[Round "5"]
[White "Wang, Hao Yuan"]
[Black "Tyomkin, Dimitri"]
[Result "0-1"]
[WhiteElo "2222"]
[BlackElo "2482"]
[PlyCount "73"]
[EventDate "2002.08.12"]
[EventType "tourn"]
[EventRounds "9"]
[EventCountry "CAN"]
[EventCategory "6"]
[Source "Mark Crowther"]
[SourceDate "2002.08.19"]

1. e4 c5 2. Nf3 Nc6 3. Bb5 e6 4. Bxc6 bxc6 5. O-O Ne7 6. d3 Ng6 7. e5 f6 8. Qe2
Be7 9. Nbd2 O-O 10. Nc4 Qc7 11. Bd2 fxe5 12. Ncxe5 Nf4 13. Qe4 Nd5 14. Bg5 d6
15. Nc4 e5 16. Ne3 Nf4 17. Bxf4 exf4 18. Nc4 Bf5 19. Qe1 Bf6 20. Rb1 g5 21. Qa5
Qd7 22. Nfd2 Rab8 23. Ne4 Be7 24. Ncd2 Rb5 25. Qa3 d5 26. Nc3 c4 27. Qa6 Rb6
28. Qa4 cxd3 29. Rfe1 dxc2 30. Rbc1 Rxb2 31. Nb3 Bf6 32. Ne2 Re8 33. Ned4 Rxe1+
34. Rxe1 Rb1 35. Nc1 c5 36. Qxd7 Bxd7 37. Nxc2 0-1

[Event "CMA Futurity-2"]
[Site "Toronto CAN"]
[Date "2002.08.18"]
[Round "6"]
[White "Tyomkin, Dimitri"]
[Black "Arencibia, Walter"]
[Result "1/2-1/2"]
[WhiteElo "2482"]
[BlackElo "2534"]
[PlyCount "21"]
[EventDate "2002.08.12"]
[EventType "tourn"]
[EventRounds "9"]
[EventCountry "CAN"]
[EventCategory "6"]
[Source "Mark Crowther"]
[SourceDate "2002.08.19"]

1. d4 Nf6 2. Nf3 e6 3. g3 b5 4. Bg2 Bb7 5. O-O c5 6. c3 Na6 7. a4 b4 8. cxb4
Nxb4 9. Nc3 cxd4 10. Nxd4 Bxg2 11. Kxg2 1/2-1/2

[Event "CMA Futurity-2"]
[Site "Toronto CAN"]
[Date "2002.08.18"]
[Round "6"]
[White "Zugic, Igor"]
[Black "Lawson, Eric"]
[Result "1/2-1/2"]
[WhiteElo "2450"]
[BlackElo "2253"]
[PlyCount "107"]
[EventDate "2002.08.12"]
[EventType "tourn"]
[EventRounds "9"]
[EventCountry "CAN"]
[EventCategory "6"]
[Source "Mark Crowther"]
[SourceDate "2002.08.19"]

1. d4 Nf6 2. c4 e6 3. Nc3 Bb4 4. Qc2 O-O 5. a3 Bxc3+ 6. Qxc3 b6 7. Bg5 Bb7 8.
f3 h6 9. Bh4 d5 10. e3 Nbd7 11. cxd5 Nxd5 12. Bxd8 Nxc3 13. Bh4 Nd5 14. Bf2 c5
15. e4 Ne7 16. Bb5 Bc6 17. Bxc6 Nxc6 18. Ne2 Nxd4 19. Nxd4 cxd4 20. Bxd4 Rac8
21. O-O Nc5 22. Rad1 Nb3 23. Bc3 Rfd8 24. Kf2 a5 25. Ke2 b5 26. Rxd8+ Rxd8 27.
Rd1 Rxd1 28. Kxd1 a4 29. Kc2 f6 30. Kd3 Nc5+ 31. Kd4 Nb3+ 32. Ke3 Kf7 33. g4 e5
34. f4 Ke6 35. f5+ Kf7 36. h4 Nc5 37. Bb4 Nb3 38. h5 Nd4 39. Kd3 Nc6 40. Bc5
Kg8 41. Kc3 Kf7 42. b3 axb3 43. Kxb3 Ke8 44. Bb6 Kd7 45. Bc5 Ke8 46. a4 bxa4+
47. Kxa4 Nd8 48. Kb5 Nf7 49. Kc6 Ng5 50. Kd5 Nh3 51. Be3 Kd7 52. Kc4 Ke8 53.
Kd3 Kd7 54. Kc4 1/2-1/2

[Event "CMA Futurity-2"]
[Site "Toronto CAN"]
[Date "2002.08.19"]
[Round "7"]
[White "Arencibia, Walter"]
[Black "Bluvshtein, Mark"]
[Result "1/2-1/2"]
[WhiteElo "2534"]
[BlackElo "2367"]
[PlyCount "89"]
[EventDate "2002.08.12"]
[EventType "tourn"]
[EventRounds "9"]
[EventCountry "CAN"]
[EventCategory "6"]
[Source "Mark Crowther"]
[SourceDate "2002.08.26"]

1. d4 Nf6 2. Nf3 e6 3. e3 c5 4. c3 b6 5. Nbd2 Bb7 6. Bd3 cxd4 7. exd4 Be7 8.
O-O O-O 9. Ng5 h6 10. Nge4 Nxe4 11. Nxe4 d5 12. Ng3 Ba6 13. Bxa6 Nxa6 14. Nh5
Kh7 15. Qd3+ g6 16. Qxa6 gxh5 17. Qe2 Kg6 18. Qe3 Rh8 19. Qg3+ Kh7 20. Qf3 Kg6
21. Bf4 Bg5 22. Qd3+ Kg7 23. Be3 f5 24. Rfe1 Re8 25. Re2 Qd6 26. Rae1 Re7 27.
Bd2 Rae8 28. Re5 Bf6 29. Qh3 Kg6 30. Bf4 Bxe5 31. dxe5 Qc6 32. Qh4 Rg7 33. Qf6+
Kh7 34. Qxh6+ Kg8 35. Bg5 Qd7 36. Qxh5 Qf7 37. Qh4 Qg6 38. f4 Rc8 39. Re3 Rc4
40. Rg3 Qh7 41. Bh6 Rxg3 42. Qd8+ Kf7 43. Qf6+ Ke8 44. Qf8+ Kd7 45. hxg3
1/2-1/2

[Event "CMA Futurity-2"]
[Site "Toronto CAN"]
[Date "2002.08.19"]
[Round "7"]
[White "Wang, Hao Yuan"]
[Black "Zugic, Igor"]
[Result "0-1"]
[WhiteElo "2222"]
[BlackElo "2450"]
[PlyCount "52"]
[EventDate "2002.08.12"]
[EventType "tourn"]
[EventRounds "9"]
[EventCountry "CAN"]
[EventCategory "6"]
[Source "Mark Crowther"]
[SourceDate "2002.08.26"]

1. e4 c5 2. Nf3 d6 3. d4 cxd4 4. Nxd4 Nf6 5. Nc3 Bd7 6. Be2 Nc6 7. Bg5 a6 8.
Qd2 e6 9. f4 h6 10. Bxf6 Qxf6 11. Nf3 g5 12. fxg5 hxg5 13. Rf1 Be7 14. h3 Ne5
15. Qe3 Qf4 16. Qb6 Qg3+ 17. Kd1 Qxg2 18. Qxb7 Rd8 19. Ng1 g4 20. hxg4 Nxg4 21.
Nf3 Bg5 22. Nxg5 Ne3+ 23. Kd2 Qxg5 24. Rg1 Nf1+ 25. Ke1 Qxg1 26. Bxf1 Rh2 0-1

[Event "CMA Futurity-2"]
[Site "Toronto CAN"]
[Date "2002.08.20"]
[Round "8"]
[White "Tyomkin, Dimitri"]
[Black "Findlay, Ian"]
[Result "1-0"]
[WhiteElo "2482"]
[BlackElo "2328"]
[PlyCount "121"]
[EventDate "2002.08.12"]
[EventType "tourn"]
[EventRounds "9"]
[EventCountry "CAN"]
[EventCategory "6"]
[Source "Mark Crowther"]
[SourceDate "2002.08.26"]

1. d4 Nf6 2. c4 c5 3. d5 e6 4. Nc3 exd5 5. cxd5 d6 6. e4 g6 7. Bd3 Bg7 8. h3
O-O 9. Nf3 b5 10. Nxb5 Re8 11. O-O Nxe4 12. Qa4 Nf6 13. Bg5 Qd7 14. Bxf6 Bxf6
15. Qf4 Be5 16. Nxe5 dxe5 17. Qf6 Ba6 18. a4 Qd8 19. Qxd8 Rxd8 20. Rfd1 Bxb5
21. Bxb5 Nd7 22. Rac1 Rab8 23. d6 Rb6 24. b4 cxb4 25. Rc7 Nf8 26. Rxa7 Rdxd6
27. Rxd6 Rxd6 28. a5 b3 29. Rb7 Rd1+ 30. Bf1 Ra1 31. a6 Ne6 32. Rxb3 Nc5 33.
Rb8+ Kg7 34. Rc8 Nxa6 35. Ra8 Rxf1+ 36. Kxf1 Nc7 37. Ra7 Ne6 38. Ke2 h5 39. Kf3
Kf6 40. h4 Nc5 41. Ke3 Ne6 42. g3 Nc5 43. Ra5 Nb7 44. Ra6+ Kf5 45. Rb6 Nc5 46.
f3 Ne6 47. Rb7 f6 48. Rb4 Nd4 49. Rb6 Nc2+ 50. Kf2 Nd4 51. Kg2 Ne2 52. Rd6 Nd4
53. Ra6 Ne2 54. Ra3 g5 55. hxg5 fxg5 56. Ra8 Nd4 57. Rf8+ Kg6 58. g4 h4 59. Kf2
Kg7 60. Rc8 Ne6 61. Ke3 1-0

[Event "CMA Futurity-2"]
[Site "Toronto CAN"]
[Date "2002.08.20"]
[Round "8"]
[White "Zugic, Igor"]
[Black "Arencibia, Walter"]
[Result "1/2-1/2"]
[WhiteElo "2450"]
[BlackElo "2534"]
[PlyCount "115"]
[EventDate "2002.08.12"]
[EventType "tourn"]
[EventRounds "9"]
[EventCountry "CAN"]
[EventCategory "6"]
[Source "Mark Crowther"]
[SourceDate "2002.08.26"]

1. d4 d5 2. c4 e6 3. Nf3 c6 4. e3 Nf6 5. Nbd2 c5 6. b3 cxd4 7. exd4 Nc6 8. Bb2
g6 9. Be2 Bg7 10. O-O O-O 11. Ne5 Nd7 12. f4 Ne7 13. Bd3 b6 14. Ndf3 Bb7 15.
Qe2 Rc8 16. Rac1 Rc7 17. Rfd1 dxc4 18. bxc4 Nxe5 19. fxe5 Rd7 20. Bc2 Bh6 21.
Rb1 Qc7 22. Ba3 Rc8 23. d5 Nf5 24. Bxf5 gxf5 25. Rd4 Ba6 26. d6 Qc6 27. Nd2 Kh8
28. Rb3 Rg8 29. Rh3 Rg6 30. Rdh4 Bg7 31. Rxh7+ Kg8 32. R7h4 b5 33. Bb2 bxc4 34.
Bc3 Qc5+ 35. Kf1 Qd5 36. Qh5 Qxg2+ 37. Ke1 Kf8 38. Qf3 Qg1+ 39. Nf1 Bb7 40. Qe3
Qg2 41. Rxc4 Qxa2 42. Nd2 Kg8 43. Rg3 Qa6 44. Qd4 Rxg3 45. hxg3 Bh6 46. Qh4 Bg7
47. Qd4 Bd5 48. Rc7 Rxd6 49. exd6 Bxd4 50. d7 Qd6 51. Rc8+ Kh7 52. d8=Q Qxg3+
53. Kd1 Bxc3 54. Rc7 Bg7 55. Rxf7 f4 56. Qf6 e5 57. Qf5+ Qg6 58. Rxg7+ 1/2-1/2

[Event "CMA Futurity-2"]
[Site "Toronto CAN"]
[Date "2002.08.21"]
[Round "9"]
[White "Arencibia, Walter"]
[Black "Lawson, Eric"]
[Result "1-0"]
[WhiteElo "2534"]
[BlackElo "2253"]
[PlyCount "111"]
[EventDate "2002.08.12"]
[EventType "tourn"]
[EventRounds "9"]
[EventCountry "CAN"]
[EventCategory "6"]
[Source "Mark Crowther"]
[SourceDate "2002.08.26"]

1. Nf3 Nf6 2. g3 b6 3. Bg2 Bb7 4. O-O e6 5. d3 d5 6. Nbd2 g6 7. e4 dxe4 8. dxe4
Bg7 9. Qe2 O-O 10. Rd1 Qc8 11. e5 Nfd7 12. b3 Nc6 13. Bb2 a5 14. a3 h6 15. h4
Nc5 16. Nf1 Rd8 17. Ne3 Rxd1+ 18. Rxd1 Qf8 19. h5 g5 20. Ng4 Rd8 21. Re1 Ba6
22. Qe3 Ne7 23. Nf6+ Bxf6 24. exf6 Nf5 25. Qe5 Qd6 26. g4 Qxe5 27. Bxe5 Nd6 28.
Nd4 Bb7 29. Nc6 Bxc6 30. Bxc6 Nd7 31. Bxd7 Rxd7 32. Rd1 Rd8 33. Rd2 Kf8 34. f4
Ke8 35. fxg5 hxg5 36. a4 Kd7 37. Kg2 Kc6 38. Kf3 Rh8 39. Bb2 Nb7 40. Rh2 Nc5
41. Bc1 Rg8 42. h6 Nd7 43. Bxg5 Ne5+ 44. Kf4 Ng6+ 45. Ke4 Nf8 46. Bf4 Rxg4 47.
h7 Ng6 48. h8=Q Rxf4+ 49. Ke3 Nxh8 50. Kxf4 Ng6+ 51. Kg5 Ne5 52. Rh8 Nf3+ 53.
Kf4 Nd4 54. Rf8 Nxc2 55. Rxf7 Kd6 56. Rxc7 1-0

[Event "CYCC U10"]
[Site "Montreal CAN"]
[Date "2002.07.10"]
[Round "6"]
[White "Rozybakiyev, Ilchin"]
[Black "Thavandiran, Shiyam"]
[Result "0-1"]
[WhiteElo "1049"]
[BlackElo "2047"]
[PlyCount "92"]
[EventDate "2002.07.08"]
[EventType "swiss"]
[EventRounds "8"]
[EventCountry "CAN"]
[Source "CFC"]
[SourceDate "2002.08.??"]

1. e4 e6 2. d4 d5 3. e5 c5 4. c3 Nc6 5. Nf3 Bd7 6. Be2 Qb6 7. O-O cxd4 8. cxd4
Nge7 9. Na3 Nf5 10. Nc2 Be7 11. b3 Rc8 12. Bb2 O-O 13. h3 Kh8 14. Re1 Nb4 15.
Nxb4 Bxb4 16. Rf1 Bc3 17. Bxc3 Rxc3 18. g4 Ne7 19. Rc1 Rxc1 20. Qxc1 Rc8 21.
Qf4 Ng6 22. Qe3 Qc7 23. Qd2 Qc3 24. Rd1 b6 25. Qxc3 Rxc3 26. Bd3 Nf4 27. Ne1
Nxh3+ 28. Kg2 Nf4+ 29. Kf3 g5 30. Ke3 Kg7 31. Rd2 Bb5 32. f3 Bxd3 33. Nxd3 h5
34. gxh5 Kh6 35. Rd1 Kxh5 36. Rh1+ Kg6 37. Rd1 Kf5 38. Rd2 b5 39. Rd1 b4 40.
Rd2 g4 41. fxg4+ Kxg4 42. Rd1 Rxd3+ 43. Rxd3 Nxd3 44. Kxd3 Kf3 45. Kd2 Ke4 46.
Ke2 Kxd4 0-1

[Event "CYCC U10-U12 w"]
[Site "Montreal CAN"]
[Date "2002.07.08"]
[Round "1"]
[White "Qako, Silvi"]
[Black "Sviridovitch, Alina"]
[Result "1/2-1/2"]
[WhiteElo "1081"]
[BlackElo "1824"]
[PlyCount "85"]
[EventDate "2002.07.08"]
[EventType "swiss"]
[EventRounds "8"]
[EventCountry "CAN"]
[Source "CFC"]
[SourceDate "2002.08.??"]

1. e4 c5 2. Nf3 e6 3. Nc3 a6 4. d4 cxd4 5. Qxd4 Nc6 6. Qd1 d6 7. Be2 Nf6 8. O-O
Be7 9. Re1 O-O 10. Nd4 Qc7 11. Nxc6 Qxc6 12. Bf3 Qc7 13. Qe2 Nd7 14. Bf4 Bf6
15. Rad1 Ne5 16. Bxe5 Bxe5 17. Rd3 b5 18. g3 Bb7 19. Bg2 Rac8 20. f4 Bxc3 21.
Rxc3 Qa5 22. Ra3 Qb4 23. c3 Qc5+ 24. Qf2 Rfd8 25. Qxc5 dxc5 26. Re2 Rd1+ 27.
Kf2 Rcd8 28. e5 Bc8 29. Rb3 c4 30. Rb4 Bd7 31. a4 a5 32. Rxb5 Bxb5 33. axb5 Rb8
34. Bc6 h6 35. g4 g5 36. f5 Kg7 37. Re4 Rd2+ 38. Re2 Rd1 39. Kg2 Kh7 40. Kg3
Rd3+ 41. Kf2 Rd1 42. Kg2 Kg7 43. f6+ 1/2-1/2

[Event "CYCC U10-U12 w"]
[Site "Montreal CAN"]
[Date "2002.07.09"]
[Round "2"]
[White "Harper, Laura"]
[Black "Nadeau, Gabrielle"]
[Result "1-0"]
[WhiteElo "1158"]
[BlackElo "1021"]
[PlyCount "89"]
[EventDate "2002.07.08"]
[EventType "swiss"]
[EventRounds "8"]
[EventCountry "CAN"]
[Source "CFC"]
[SourceDate "2002.08.??"]

1. g3 e5 2. d3 Nc6 3. Bg2 Nf6 4. Nf3 d6 5. O-O Be6 6. Nc3 Qd7 7. Ng5 h6 8. Nxe6
Qxe6 9. Nb1 Qd7 10. c4 a6 11. Nc3 Be7 12. Rb1 O-O 13. b4 Rab8 14. a4 d5 15.
Nxd5 Nxd5 16. Bxd5 Nxb4 17. Bg2 Nc6 18. Bd2 Qg4 19. h3 Qg6 20. Bc3 f5 21. Kh2
f4 22. Bxc6 fxg3+ 23. fxg3 Qxc6 24. Bxe5 Rxf1 25. Qxf1 Rf8 26. Qg2 Qc5 27. Qd5+
Qxd5 28. cxd5 Rf2+ 29. Kh1 Bd6 30. Bxd6 cxd6 31. e4 Ra2 32. Rxb7 Rxa4 33. Kg2
Ra3 34. Rb6 Kf7 35. Rxd6 Ke7 36. Re6+ Kd7 37. Kf3 Rxd3+ 38. Kf4 a5 39. Ra6 Ra3
40. e5 Ra4+ 41. Kf5 Ra1 42. e6+ Kd8 43. d6 Rf1+ 44. Kg4 Rf6 45. Ra8# 1-0

[Event "CYCC U10-U12 w"]
[Site "Montreal CAN"]
[Date "2002.07.09"]
[Round "3"]
[White "Tang, Tiffany"]
[Black "Harper, Laura"]
[Result "1-0"]
[WhiteElo "1368"]
[BlackElo "1158"]
[PlyCount "49"]
[EventDate "2002.07.08"]
[EventType "swiss"]
[EventRounds "8"]
[EventCountry "CAN"]
[Source "CFC"]
[SourceDate "2002.08.??"]

1. e4 g6 2. d4 d6 3. Nc3 Bg7 4. Be3 c6 5. Qd2 Nd7 6. f3 b5 7. O-O-O b4 8. Nce2
a5 9. g4 Nb6 10. Ng3 d5 11. Be2 Nc4 12. Bxc4 dxc4 13. N1e2 Qd6 14. c3 Qb8 15.
d5 cxd5 16. Qxd5 Be6 17. Qd2 bxc3 18. Nxc3 Qd8 19. Qc2 Qc7 20. Nd5 Qb7 21. Nb6
Rd8 22. Rxd8+ Kxd8 23. Rd1+ Ke8 24. Qa4+ Bd7 25. Rxd7 1-0

[Event "CYCC U12"]
[Site "Montreal CAN"]
[Date "2002.07.11"]
[Round "7"]
[White "Smith, Hazel"]
[Black "Vincent, Trevor"]
[Result "0-1"]
[WhiteElo "1729"]
[BlackElo "1838"]
[PlyCount "74"]
[EventDate "2002.07.08"]
[EventType "swiss"]
[EventRounds "8"]
[EventCountry "CAN"]
[Source "CFC"]
[SourceDate "2002.08.??"]

1. e4 c5 2. Nf3 Nc6 3. c3 g6 4. d4 cxd4 5. cxd4 Bg7 6. Nc3 d6 7. Be3 Nf6 8. Bd3
O-O 9. h3 a6 10. O-O b5 11. a3 Bb7 12. Rc1 Rc8 13. b4 h6 14. Qd2 Kh7 15. Rfd1
e6 16. Nh2 Nd7 17. Bb1 Nb6 18. Ba2 d5 19. e5 Ne7 20. f4 Nc4 21. Bxc4 dxc4 22.
Nf1 Nd5 23. Bf2 Qc7 24. Nxd5 Bxd5 25. Ne3 Qb7 26. Nxd5 Qxd5 27. Rc3 Rfd8 28. a4
Bf8 29. Qb2 a5 30. bxa5 b4 31. Rcc1 Qxa5 32. Ra1 Qd5 33. Be1 c3 34. Qc1 Qc4 35.
Qc2 b3 36. Qxc3 Qxc3 37. Bxc3 Rxc3 0-1

[Event "CYCC U12"]
[Site "Montreal CAN"]
[Date "2002.07.12"]
[Round "8"]
[White "McDonald, Justin"]
[Black "Davies, Noam"]
[Result "1-0"]
[WhiteElo "1665"]
[BlackElo "1689"]
[PlyCount "64"]
[EventDate "2002.07.08"]
[EventType "swiss"]
[EventRounds "8"]
[EventCountry "CAN"]
[Source "CFC"]
[SourceDate "2002.08.??"]

1. e4 c5 2. Nf3 e6 3. Nc3 a6 4. Be2 Nc6 5. O-O d5 6. exd5 exd5 7. d4 Nf6 8. Bg5
cxd4 9. Nxd4 Be7 10. Re1 O-O 11. Qd2 Be6 12. Nxe6 fxe6 13. Bxf6 Bxf6 14. Bg4
Bd4 15. Bxe6+ Kh8 16. Rf1 Qd6 17. Bg4 Qg6 18. Be2 Rf7 19. Bd3 Qd6 20. Rae1 Raf8
21. Nd1 Be5 22. h3 Bf4 23. Qe2 Nd4 24. Qg4 Qb6 25. c3 Nb5 26. Re6 Qd8 27. Qh5
Bh6 28. Bxb5 axb5 29. Rfe1 Rf6 30. Rxf6 Qxf6 31. Qxd5 Qb6 32. Qd7 Rf5 1-0